| 000 | 00744cam a2200217 a 4500 | ||
|---|---|---|---|
| 001 | 000006537 | ||
| 005 | 20200929153940.0 | ||
| 008 | 780607s1971 ve 010 0bspa d | ||
| 040 |
_aDO-SdBNP _bspa _cBNPHU |
||
| 082 |
_a928.87 _bM491h |
||
| 100 | 1 |
_aMedina, José Ramón, _d1921- _99760 |
|
| 245 | 1 | 4 |
_aLos homenajes del tiempo : _bvida y obra de Francisco Lazo Martí en la literatura venezolana del siglo XIX / _cJosé Ramón Medina. |
| 260 |
_aCaracas : _bMonte Ávila, _cc1971. |
||
| 300 |
_a360 p. ; _c23 cm. |
||
| 490 | 1 | _aTemas venezolanos | |
| 600 | 1 | 4 |
_aLAZO MARTÍ, FRANCISCO, _d1869-1909. _95172 |
| 650 | 4 |
_aAutores venezolanos _916628 |
|
| 650 | 4 |
_aLiteratura venezolana _93816 |
|
| 830 | 0 |
_aTemas venezolanos _96823 |
|
| 049 | _aBNGR | ||
| 999 |
_c6328 _d6328 |
||